000 00526nam a2200181 i 4500
001 33880
003 ES-MaACL
005 20230906154833.0
007 t|
008 030203s1970 sp ||||1| spa d
100 1 _aBlais, Gerard.
_929092
245 1 3 _aEl amor humano /
_cGerard Blais ; traducción de Camilo Luquín.
260 _a[Zalla (Vizcaya) :
_bEdiciones Paulinas,
_c1970]
300 _a118 p. ;
_c19 cm.
700 1 _aLuquín, Camilo,
_eil.
_9199670
852 _aES-MaACL
_jC-50697
_bR.73881
999 _c33880
_d33880